MAGNETUSN AND METALLURGY OF SOFT MAGNETIC MATERIALS (Record no. 14461)
[ view plain ]
| 000 -LEADER | |
|---|---|
| fixed length control field | 00327nam a22001337a 4500 |
| 008 - FIXED-LENGTH DATA ELEMENTS--GENERAL INFORMATION | |
| fixed length control field | 170526b xxu||||| |||| 00| 0 eng d |
| 020 ## - INTERNATIONAL STANDARD BOOK NUMBER | |
| International Standard Book Number | 9780486649979 |
| 041 ## - LANGUAGE CODE | |
| Language code of text/sound track or separate title | eng |
| 080 ## - UNIVERSAL DECIMAL CLASSIFICATION NUMBER | |
| Universal Decimal Classification number | 621(075.8) |
| 100 ## - Rafti | |
| Rafti | 27 |
| 101 ## - Shkurtesa | |
| Shkurtesa | IM |
| 245 ## - TITLE STATEMENT | |
| Title | MAGNETUSN AND METALLURGY OF SOFT MAGNETIC MATERIALS |
| Statement of responsibility, etc | CHEN, CH.W |
| 942 ## - ADDED ENTRY ELEMENTS (KOHA) | |
| Source of classification or shelving scheme | |
| Item type | Books |
| Withdrawn status | Lost status | Source of classification or shelving scheme | Damaged status | Not for loan | Collection code | Permanent location | Current location | Shelving location | Date acquired | Total Checkouts | Full call number | Barcode | Date last seen | Price effective from | Koha item type |
|---|---|---|---|---|---|---|---|---|---|---|---|---|---|---|---|
| Koleksioni i përgjithshem | UBT - Lipjan | UBT - Lipjan | Koleksioni i përgjithshem | 05/26/2017 | 621(075.8) CHE | 002-286943 | 12/13/2017 | 05/26/2017 | Books | ||||||
| Koleksioni i përgjithshem | UBT - Lipjan | UBT - Lipjan | Koleksioni i përgjithshem | 05/26/2017 | 621(075.8) CHE | 002-286942 | 05/26/2017 | 05/26/2017 | Books | ||||||
| Koleksioni i përgjithshem | UBT - Lipjan | UBT - Lipjan | Koleksioni i përgjithshem | 05/26/2017 | 621(075.8) CHE | 002-286941 | 05/26/2017 | 05/26/2017 | Books |